000 00591nam a2200217Ia 4500
003 OSt
005 20220925212800.0
006 a|||||r|||| 00| 0
007 ta
008 220923b |||||||| |||| 00| 0 eng d
037 _cGeneral Book
040 _aRTL
_cRTL
_beng
041 _2eng
_aeng
082 _aXxN08w, M1
100 _aGalbraith John Kenneth
245 0 _aLife in our times
_b Memories
260 _aLondon
_bAndre Deutsch
_c1981
300 _ax, 563p
_ccm.
942 _hXxN08w, M1
_cGB
_2CC
999 _c561146
_d561146